Pastoralism in the new millenium

שמור ב:
מידע ביבליוגרפי
פורמט: ספר
שפה:Undetermined
יצא לאור: Rome, Italy FAO 2001
נושאים:
תגים: הוספת תג
אין תגיות, היה/י הראשונ/ה לתייג את הרשומה!
Thư viện lưu trữ: Trung tâm Học liệu Trường Đại học Cần Thơ
LEADER 00423nam a2200157Ia 4500
001 CTU_49752
008 210402s9999 xx 000 0 und d
082 |a 636.0845 
082 |b P293 
245 0 |a Pastoralism in the new millenium 
260 |a Rome, Italy 
260 |b FAO 
260 |c 2001 
650 |a animal husbandry,animals 
650 |x feeding and feeds 
980 |a Trung tâm Học liệu Trường Đại học Cần Thơ